| 000 | 01846nam2a22002771 4500 | ||
|---|---|---|---|
| 001 | RU\NLR\INFOCOMM17\1000422038 | ||
| 005 | 20250617112359.0 | ||
| 035 | _a(NLR Aleph) 002572145 | ||
| 090 |
_a3199231 _c3199231 |
||
| 100 | _a20040528d1972 |||y0rusy50 ca | ||
| 101 | 0 | _arus | |
| 102 | _aRU | ||
| 105 | _ay ||||||||| | ||
| 200 | 1 |
_aОборудование для монтажа гибридных интегральных схем _e(По материалам иностр. печати за 1969 - 1972 г.г.) _fЮ.А. Катунина |
|
| 210 |
_d1972 _aБ. м. |
||
| 225 | 1 |
_a... _vВып.61 _i... _v1972, №12 |
|
| 461 | 0 |
_1001RU\NLR\INFOCOMM55\1000056712 _12001#$aОбзоры по электронной технике$fМ-во электронной пром-сти СССР. Ин-т "Электроника"$vВып.61 _93197280 _cМ. _d1968- _fМ-во электронной пром-сти СССР. Ин-т "Электроника" _tОбзоры по электронной технике _vВып.61 |
|
| 462 | 0 |
_1001RU\NLR\INFOCOMM17\1000421987 _12001#$aОбзоры по электронной технике...$iСерия:Технология и организация производства$fМ-во электронной пром-сти СССР. Ин-т "Электроника"$v1972, №12 _93198795 _cМ. _d1970- _fМ-во электронной пром-сти СССР. Ин-т "Электроника" _iСерия: Технология и организация производства _tОбзоры по электронной технике. - Обзоры по электронной технике _v1972, №12 |
|
| 700 | 1 |
_aКатунина _bЮ.А. _4070 |
|
| 801 | 1 |
_aRU _bInfoComm _c20040528 |
|
| 801 | 0 |
_aRU _bNLR _gPSBO |
|
| 852 |
_aNLR _jП51/94 |
||
| 942 | _cISSUE | ||
| 980 | _aNB | ||
| 980 | _aRUSPER | ||